[Event "Titled Tuesday intern op 23rd Apr Late"]
[Site "Chess.com INT"]
[Date "2024.04.23"]
[Round "2"]
[White "Lopez del Alamo, Antonio"]
[Black "Rytenko, Vsevolod"]
[Result "1-0"]
[WhiteElo "2237"]
[BlackElo "2362"]
[PlyCount "45"]
[EventDate "2024.04.23"]
[EventType "swiss (blitz)"]
[EventRounds "11"]
[EventCountry "USA"]
[SourceTitle "CB18_2024"]
[SourceDate "2024.05.01"]
[SourceVersion "1"]
[SourceVersionDate "2024.05.01"]
[SourceQuality "2"]

1. e4 c5 2. Nf3 Nc6 3. b4 cxb4 4. d4 d5 5. exd5 Qxd5 6. c4 Qe4+ 7. Be3 e6 8. Bd3 Qg4 9. h3 Qh5 10. Nbd2 f5 11. d5 Nd8 12. 0-0 Nf6 13. Qc2 exd5 14. cxd5 Bd6 15. Bb5+ Bd7 16. Bxd7+ Nxd7 17. Qa4 Qf7 18. Nc4 Qg6 19. Rfe1 Nf7 20. Bg5+ Kf8 21. Qxd7 Nxg5 22. Nxg5 Qxg5 23. Nxd6 1-0

[Event "Titled Tuesday intern op 16th Apr Late"]
[Site "Chess.com INT"]
[Date "2024.04.16"]
[Round "2"]
[White "Estrada Nieto, Julian"]
[Black "Lopez del Alamo, Antonio"]
[Result "1/2-1/2"]
[WhiteElo "2195"]
[BlackElo "2237"]
[PlyCount "162"]
[EventDate "2024.04.16"]
[EventType "swiss (blitz)"]
[EventRounds "11"]
[EventCountry "USA"]
[SourceTitle "CB17_2024"]
[SourceDate "2024.04.24"]
[SourceVersion "1"]
[SourceVersionDate "2024.04.24"]
[SourceQuality "1"]

1. e4 c5 2. Nf3 e6 3. c3 Nf6 4. e5 Nd5 5. Bc4 d6 6. d4 cxd4 7. cxd4 Bd7 8. Bxd5 exd5 9. Nc3 Bc6 10. Bg5 Be7 11. Bxe7 Qxe7 12. 0-0 0-0 13. Re1 Nd7 14. Qd2 dxe5 15. Nxe5 Nxe5 16. Rxe5 Qd6 17. Rae1 Rad8 18. h3 g6 19. h4 Rfe8 20. h5 Rxe5 21. Rxe5 f6 22. Re2 Kg7 23. Qe1 Kf7 24. Qd2 Kg7 25. h6+ Kf7 26. Nd1 Re8 27. Ne3 Re4 28. f3 Re7 29. Ng4 Rxe2 30. Qxe2 Bd7 31. Ne3 Bc6 32. Ng4 Bd7 33. Qe3 Bxg4 34. fxg4 Qe6 35. Qc3 Qb6 36. b4 g5 37. Kh1 Kg6 38. Qh3 Kf7 39. Qc3 Qc6 40. Qd3 Kg8 41. Qf5 Qc1+ 42. Kh2 Qf4+ 43. Qxf4 gxf4 44. g3 f3 45. Kg1 Kf7 46. Kf2 Kg6 47. Kxf3 Kxh6 48. Kf4 Kg6 49. b5 a6 50. b6 a5 51. a4 h6 52. Ke3 Kf7 53. Kf3 Ke7 54. Ke3 Kd7 55. Kf4 Ke6 56. Kf3 Kd6 57. Kf4 Kc6 58. Kf5 Kxb6 59. Kxf6 Ka6 60. Kg6 b5 61. axb5+ Kxb5 62. Kxh6 a4 63. g5 a3 64. g6 a2 65. g7 a1Q 66. g8Q Qh1+ 67. Kg7 Qe4 68. Qb8+ Kc4 69. Qe5 Qxd4 70. Qxd4+ Kxd4 71. g4 Ke5 72. g5 d4 73. g6 d3 74. Kf7 d2 75. g7 d1Q 76. g8Q Qd7+ 77. Kf8 Kf6 78. Qh8+ Kg6 79. Qg8+ Kf6 80. Qh8+ Kg6 81. Qg8+ Kf6 1/2-1/2

[Event "Titled Tuesday intern op 16th Apr Late"]
[Site "Chess.com INT"]
[Date "2024.04.16"]
[Round "3"]
[White "Lopez del Alamo, Antonio"]
[Black "Karas, Marek"]
[Result "0-1"]
[WhiteElo "2237"]
[BlackElo "2164"]
[PlyCount "94"]
[EventDate "2024.04.16"]
[EventType "swiss (blitz)"]
[EventRounds "11"]
[EventCountry "USA"]
[SourceTitle "CB17_2024"]
[SourceDate "2024.04.24"]
[SourceVersion "1"]
[SourceVersionDate "2024.04.24"]
[SourceQuality "1"]

1. e4 c5 2. Nf3 d6 3. d4 cxd4 4. Nxd4 Nf6 5. Nc3 Nc6 6. Bg5 e6 7. Bb5 Bd7 8. Bxc6 bxc6 9. Qf3 Be7 10. e5 dxe5 11. Nxc6 Bxc6 12. Qxc6+ Kf8 13. Bxf6 Bxf6 14. Ne4 Rc8 15. Qa4 Qd4 16. Qxd4 exd4 17. Kd2 Ke7 18. f4 Rhd8 19. g4 g6 20. h4 Bg7 21. g5 h5 22. Rh3 Rc7 23. Rd3 Rb8 24. Rb3 Rbc8 25. Rc1 e5 26. fxe5 Bxe5 27. Rf3 Kf8 28. Kd3 Kg7 29. Rf2 Rb8 30. b3 a5 31. a4 Rxb3+ 32. cxb3 Rxc1 33. Rc2 Re1 34. Re2 Rh1 35. Kc4 Rxh4 36. Kb5 d3 37. Re1 Rxe4 38. Rxe4 d2 39. Rxe5 d1Q 40. Kxa5 Qxb3 41. Rb5 Qc3+ 42. Kb6 h4 43. a5 h3 44. a6 h2 45. a7 h1Q 46. a8Q Qxa8 47. Re5 Qcc6# 0-1

[Event "Titled Tuesday intern op 16th Apr Late"]
[Site "Chess.com INT"]
[Date "2024.04.16"]
[Round "7"]
[White "Mao, Fengxi"]
[Black "Lopez del Alamo, Antonio"]
[Result "1-0"]
[WhiteElo "2132"]
[BlackElo "2237"]
[PlyCount "25"]
[EventDate "2024.04.16"]
[EventType "swiss (blitz)"]
[EventRounds "11"]
[EventCountry "USA"]
[SourceTitle "CB17_2024"]
[SourceDate "2024.04.24"]
[SourceVersion "1"]
[SourceVersionDate "2024.04.24"]
[SourceQuality "1"]

1. Nf3 Nf6 2. b3 g6 3. Bb2 Bg7 4. g3 0-0 5. Bg2 d5 6. c4 c5 7. cxd5 Qxd5 8. Nc3 Qd8 9. 0-0 Nc6 10. Rc1 Be6 11. Na4 b6 12. d4 cxd4 13. Rxc6 1-0

[Event "Titled Tuesday intern op 16th Apr Early"]
[Site "Chess.com INT"]
[Date "2024.04.16"]
[Round "3"]
[White "Wu, Derek"]
[Black "Lopez del Alamo, Antonio"]
[Result "0-1"]
[WhiteElo "2295"]
[BlackElo "2237"]
[PlyCount "80"]
[EventDate "2024.04.16"]
[EventType "swiss (blitz)"]
[EventRounds "11"]
[EventCountry "USA"]
[SourceTitle "CB17_2024"]
[SourceDate "2024.04.24"]
[SourceVersion "1"]
[SourceVersionDate "2024.04.24"]
[SourceQuality "1"]

1. e4 c5 2. Nf3 e6 3. d4 cxd4 4. Nxd4 Nf6 5. Nc3 Nc6 6. Ndb5 d6 7. Bf4 e5 8. Bg5 a6 9. Na3 b5 10. Nd5 Be7 11. Bxf6 Bxf6 12. c3 Bg5 13. Nc2 0-0 14. a4 bxa4 15. Rxa4 a5 16. h4 Bh6 17. Bc4 Rb8 18. Ra2 g6 19. Qf3 Kg7 20. Nce3 f5 21. h5 Bxe3 22. Qxe3 f4 23. Qd2 g5 24. h6+ Kh8 25. f3 g4 26. Kd1 Qg5 27. Kc1 Rd8 28. g3 gxf3 29. gxf4 exf4 30. Nxf4 Ne5 31. Bd5 Rf8 32. Nh5 Qg2 33. Ra1 f2 34. Kc2 Ba6 35. c4 Bxc4 36. Bxc4 Qxe4+ 37. Bd3 Nxd3 38. Qxd3 Rfc8+ 39. Kd2 Rxb2+ 40. Kd1 Qxd3# 0-1

[Event "Titled Tuesday intern op 02nd Apr Early"]
[Site "Chess.com INT"]
[Date "2024.04.02"]
[Round "4"]
[White "Lopez del Alamo, Antonio"]
[Black "Tao, Sihan"]
[Result "0-1"]
[WhiteElo "2237"]
[BlackElo "2147"]
[PlyCount "114"]
[EventDate "2024.04.02"]
[EventType "swiss (blitz)"]
[EventRounds "11"]
[EventCountry "USA"]
[SourceTitle "CB15_2024"]
[SourceDate "2024.04.10"]
[SourceVersion "1"]
[SourceVersionDate "2024.04.10"]
[SourceQuality "1"]

1. e4 c5 2. Nf3 d5 3. exd5 Nf6 4. Nc3 Nxd5 5. Bc4 Be6 6. Bb5+ Bd7 7. Bxd7+ Qxd7 8. 0-0 Nc6 9. d3 Nxc3 10. bxc3 e6 11. c4 Be7 12. Bb2 0-0 13. Qe2 Rad8 14. Rfe1 Nd4 15. Bxd4 cxd4 16. Rab1 b6 17. Qe5 Qa4 18. Rb2 Bb4 19. Reb1 Bc3 20. Qb5 Qa3 21. Rb3 Qxa2 22. Ne5 Qxc2 23. Nc6 Rde8 24. Nxa7 Qxd3 25. Qxb6 Qxc4 26. Nc6 d3 27. Rd1 d2 28. Rbb1 Kh8 29. Na5 Qe2 30. Nb3 Rb8 31. Qd6 Rfd8 32. Nc5 Qe1+ 33. Rxe1 dxe1Q+ 34. Rxe1 Rxd6 35. Rc1 Rc8 36. Ne4 Rd4 37. f3 Rc7 38. Nxc3 Rdc4 39. Rd1 g6 40. Ne4 Kg7 41. Rf1 Rd4 42. Nf2 Rc2 43. h4 Rdd2 44. g4 Rxf2 45. Rxf2 Rxf2 46. Kxf2 Kf6 47. f4 e5 48. Kf3 Ke6 49. Ke4 f5+ 50. gxf5+ gxf5+ 51. Kf3 e4+ 52. Ke3 Kd5 53. Kd2 Kd4 54. Ke2 e3 55. Kf3 h5 56. Ke2 Ke4 57. Kf1 Kxf4 0-1

[Event "Titled Tuesday intern op 12th Mar Early"]
[Site "Chess.com INT"]
[Date "2024.03.12"]
[Round "1"]
[White "Antunez, Soler Luis"]
[Black "Lopez del Alamo, Antonio"]
[Result "0-1"]
[WhiteElo "2200"]
[BlackElo "2237"]
[PlyCount "102"]
[EventDate "2024.03.12"]
[EventType "swiss (blitz)"]
[EventRounds "11"]
[EventCountry "USA"]
[SourceTitle "CB12_2024"]
[SourceDate "2023.10.01"]
[SourceVersion "1"]
[SourceVersionDate "2023.10.01"]
[SourceQuality "1"]

1. e4 c5 2. Nf3 e6 3. d4 cxd4 4. Nxd4 Nf6 5. Nc3 Nc6 6. Nxc6 bxc6 7. e5 Nd5 8. Ne4 Bb7 9. Bd3 c5 10. c4 Nb4 11. Bb1 Qc7 12. Qh5 Be7 13. Bf4 Nc6 14. 0-0 g6 15. Qh6 0-0-0 16. Nd6+ Bxd6 17. exd6 Qb6 18. Bg5 Rdf8 19. Bf6 Rhg8 20. Be4 Nd4 21. Bxb7+ Kxb7 22. b4 cxb4 23. c5 Qxc5 24. Qe3 e5 25. Bxe5 Ne6 26. Qe4+ Qc6 27. Qxb4+ Ka8 28. Rfc1 Qd5 29. Bg3 Rb8 30. Qa3 f5 31. f3 Rgc8 32. Bf2 Rxc1+ 33. Rxc1 Qb7 34. Qa5 a6 35. h3 Rc8 36. Rd1 Qb5 37. Qa3 Rc2 38. Qe3 Qc5 39. Qe1 Qc4 40. Qe3 Qc5 41. Qe1 Qc4 42. a4 Qe2 43. Qxe2 Rxe2 44. Rc1 Kb7 45. Rc4 a5 46. Rh4 h5 47. Rc4 Ra2 48. Be3 Ra3 49. Bf2 Ra1+ 50. Rc1 Rxc1+ 51. Kh2 Rc4 0-1

[Event "Titled Tuesday intern op 12th Mar Early"]
[Site "Chess.com INT"]
[Date "2024.03.12"]
[Round "6"]
[White "Lopez del Alamo, Antonio"]
[Black "Ginzburg, Yakov"]
[Result "0-1"]
[WhiteElo "2237"]
[BlackElo "2405"]
[PlyCount "48"]
[EventDate "2024.03.12"]
[EventType "swiss (blitz)"]
[EventRounds "11"]
[EventCountry "USA"]
[SourceTitle "CB12_2024"]
[SourceDate "2023.10.01"]
[SourceVersion "1"]
[SourceVersionDate "2023.10.01"]
[SourceQuality "1"]

1. e4 c5 2. Nf3 e6 3. d3 d6 4. g3 Nf6 5. Bg2 Nc6 6. 0-0 Be7 7. Re1 0-0 8. c3 e5 9. d4 cxd4 10. cxd4 Bg4 11. d5 Nd4 12. Nc3 Nd7 13. Be3 Rc8 14. Bxd4 exd4 15. Qxd4 Bxf3 16. Bxf3 Bf6 17. Qxa7 Ra8 18. Qxb7 Rb8 19. Qa6 Rxb2 20. Qxd6 Bxc3 21. Rec1 Rb6 22. Qf4 Bxa1 23. Rxa1 Qf6 24. e5 Qxe5 0-1

[Event "Titled Tuesday intern op 12th Mar Late"]
[Site "Chess.com INT"]
[Date "2024.03.12"]
[Round "5"]
[White "Lopez del Alamo, Antonio"]
[Black "Zia, Tahsin Tajwar"]
[Result "0-1"]
[WhiteElo "2237"]
[BlackElo "2241"]
[PlyCount "120"]
[EventDate "2024.03.12"]
[EventType "swiss (blitz)"]
[EventRounds "11"]
[EventCountry "USA"]
[SourceTitle "CB12_2024"]
[SourceDate "2023.10.01"]
[SourceVersion "1"]
[SourceVersionDate "2023.10.01"]
[SourceQuality "1"]

1. e4 c6 2. d4 d5 3. Nd2 dxe4 4. Nxe4 Nf6 5. Nxf6+ exf6 6. c3 Bd6 7. Bd3 0-0 8. Ne2 Re8 9. 0-0 Nd7 10. Bd2 Nf8 11. Qc2 Be6 12. f4 f5 13. Rae1 g6 14. c4 Rc8 15. b4 Nd7 16. Bc3 b5 17. d5 cxd5 18. c5 Bf8 19. Bxb5 Qc7 20. Nd4 Bg7 21. Ba1 a5 22. a3 h5 23. Rc1 Ra8 24. Bxd7 Bxd7 25. b5 Bxd4+ 26. Bxd4 Bxb5 27. Rf2 Qc6 28. Bb2 Re4 29. Rd1 Rae8 30. Qc3 d4 31. Qd2 Re2 32. Qxd4 Re1+ 33. Rf1 Rxf1+ 34. Rxf1 f6 35. Rd1 Re2 36. Qd8+ Kf7 37. Rd5 Re1+ 38. Kf2 Re2+ 39. Kg3 Rxb2 40. Kh3 Re2 41. g3 Re7 42. Rd6 Bf1+ 43. Kh4 Qe8 44. Qb6 g5+ 45. fxg5 fxg5+ 46. Kxg5 Re6 47. Qc7+ Qe7+ 48. Qxe7+ Kxe7 49. Kxf5 Rxd6 50. cxd6+ Kxd6 51. g4 h4 52. g5 Ke7 53. g6 h3 54. Kg5 Kf8 55. Kh6 Kg8 56. g7 Bd3 57. Kg5 Kxg7 58. Kh4 Bf1 59. Kg3 Bg2 60. a4 Kf6 0-1

[Event "Titled Tuesday intern op 27th Feb Late"]
[Site "Chess.com INT"]
[Date "2024.02.27"]
[Round "6"]
[White "Caceres Benitez, Arturo Eduardo"]
[Black "Lopez del Alamo, Antonio"]
[Result "0-1"]
[WhiteElo "2159"]
[BlackElo "2237"]
[PlyCount "66"]
[EventDate "2024.02.27"]
[EventType "swiss (blitz)"]
[EventRounds "11"]
[EventCountry "USA"]
[SourceTitle "CB10_2024"]
[SourceDate "2024.03.06"]
[SourceVersion "1"]
[SourceVersionDate "2024.03.06"]
[SourceQuality "1"]

1. b3 Nf6 2. Bb2 g6 3. Nf3 Bg7 4. e3 d6 5. d4 0-0 6. Bd3 Nbd7 7. 0-0 e5 8. Nbd2 Re8 9. e4 a5 10. a3 Qe7 11. d5 Nh5 12. c4 Rf8 13. Qc2 Nc5 14. Ne1 f5 15. b4 axb4 16. axb4 Rxa1 17. Bxa1 Nxd3 18. Nxd3 Nf4 19. Nxf4 exf4 20. Bxg7 Qxg7 21. f3 g5 22. exf5 Qd4+ 23. Kh1 Bxf5 24. Ne4 Ra8 25. h3 h6 26. Rd1 Ra1 27. Rxa1 Qxa1+ 28. Kh2 Qe5 29. Qd3 Kf7 30. c5 Bxe4 31. Qxe4 Qxe4 32. fxe4 Kf6 33. g4 Ke5 0-1

[Event "Titled Tuesday intern op 27th Feb Late"]
[Site "Chess.com INT"]
[Date "2024.02.27"]
[Round "8"]
[White "Esmeraldas Huachi, Anderson Yahir"]
[Black "Lopez del Alamo, Antonio"]
[Result "1-0"]
[WhiteElo "2148"]
[BlackElo "2237"]
[PlyCount "95"]
[EventDate "2024.02.27"]
[EventType "swiss (blitz)"]
[EventRounds "11"]
[EventCountry "USA"]
[SourceTitle "CB10_2024"]
[SourceDate "2024.03.06"]
[SourceVersion "1"]
[SourceVersionDate "2024.03.06"]
[SourceQuality "1"]

1. d4 Nf6 2. c4 c5 3. d5 b5 4. cxb5 a6 5. bxa6 g6 6. Nc3 Bg7 7. g3 0-0 8. Bg2 d6 9. Nf3 Qa5 10. 0-0 Bxa6 11. Bd2 Nbd7 12. Rb1 Rfb8 13. a4 Ne8 14. Qc2 Bc4 15. b3 Ba6 16. Rfe1 Nc7 17. h3 Nf6 18. e4 Qb6 19. Na2 Nd7 20. Bc3 f6 21. Kh2 Ne5 22. Nxe5 fxe5 23. f4 exf4 24. gxf4 Rf8 25. Bd2 e5 26. f5 gxf5 27. exf5 Nxd5 28. Bxd5+ Kh8 29. Nc3 Qb4 30. Qe4 Qxe4 31. Bxe4 Rab8 32. Nd5 c4 33. b4 Bc8 34. Rf1 Rb7 35. f6 Bxf6 36. Nxf6 Rbf7 37. Bg5 Be6 38. Rbd1 c3 39. Rxd6 h6 40. Bh4 h5 41. Rxe6 c2 42. Bxc2 e4 43. Bxe4 Rd8 44. Rf2 Rg7 45. Nxh5 Rd1 46. Nxg7 Kg8 47. Nh5 Rd2 48. Re8# 1-0

[Event "Titled Tuesday intern op 27th Feb Late"]
[Site "Chess.com INT"]
[Date "2024.02.27"]
[Round "7"]
[White "Lopez del Alamo, Antonio"]
[Black "Rodgers, Jack"]
[Result "1/2-1/2"]
[WhiteElo "2237"]
[BlackElo "2043"]
[PlyCount "130"]
[EventDate "2024.02.27"]
[EventType "swiss (blitz)"]
[EventRounds "11"]
[EventCountry "USA"]
[SourceTitle "CB10_2024"]
[SourceDate "2024.03.06"]
[SourceVersion "1"]
[SourceVersionDate "2024.03.06"]
[SourceQuality "1"]

1. e4 c5 2. Nf3 g6 3. d4 cxd4 4. Nxd4 Nc6 5. Nc3 Bg7 6. Nb3 Nf6 7. Be2 0-0 8. 0-0 d6 9. Bg5 Bd7 10. f4 a5 11. a4 Rc8 12. Bf3 h6 13. Bh4 Nb4 14. Bf2 Qc7 15. Nd4 Ng4 16. Bxg4 Bxg4 17. Qxg4 Bxd4 18. Bxd4 Nxc2 19. Nb5 Qc4 20. Rad1 Qxa4 21. Nc3 Qc4 22. Bf2 Nb4 23. f5 g5 24. h4 f6 25. hxg5 hxg5 26. Qh5 Qf7 27. Qxf7+ Kxf7 28. Ra1 Nd3 29. Rxa5 Nxb2 30. Nd5 Rc2 31. Rb5 Rb8 32. Rb1 Nd3 33. Bd4 Rc1+ 34. Rxc1 Nxc1 35. Ba7 Re8 36. Rxb7 Nd3 37. Rb3 Ne5 38. Bd4 Ng4 39. Rb7 Kf8 40. Ne3 Nh6 41. Ba7 Kf7 42. Rb8 Rxb8 43. Bxb8 Ke8 44. Kf2 Kd7 45. Ba7 Nf7 46. Bd4 Nd8 47. Nd5 Nc6 48. Ke3 Na5 49. g4 Nc6 50. Kd3 Nd8 51. Bb6 Nf7 52. Bd4 Nh6 53. Ne3 Nf7 54. Kc4 Kc6 55. Bc3 Kd7 56. Nc2 Nh6 57. Ne3 Nf7 58. Kb5 Kc7 59. Ba5+ Kd7 60. Kb6 Ne5 61. Bc3 Nf7 62. Kb7 Nd8+ 63. Kb6 Nf7 64. Nd5 Nh6 65. Ne3 Nf7 1/2-1/2

[Event "Titled Tuesday intern op 27th Feb Late"]
[Site "Chess.com INT"]
[Date "2024.02.27"]
[Round "5"]
[White "Zeynalov, Rashad"]
[Black "Lopez del Alamo, Antonio"]
[Result "1-0"]
[WhiteElo "2127"]
[BlackElo "2237"]
[PlyCount "65"]
[EventDate "2024.02.27"]
[EventType "swiss (blitz)"]
[EventRounds "11"]
[EventCountry "USA"]
[SourceTitle "CB10_2024"]
[SourceDate "2024.03.06"]
[SourceVersion "1"]
[SourceVersionDate "2024.03.06"]
[SourceQuality "1"]

1. e4 c5 2. Nf3 e6 3. d4 cxd4 4. Nxd4 Nf6 5. Nc3 Nc6 6. Ndb5 d6 7. Bf4 e5 8. Bg5 a6 9. Na3 b5 10. Bxf6 gxf6 11. Nd5 Bg7 12. Bd3 Ne7 13. c4 Nxd5 14. cxd5 f5 15. 0-0 fxe4 16. Bxe4 f5 17. Qh5+ Kf8 18. Bxf5 Qf6 19. Bxc8 Rxc8 20. Rac1 Ke7 21. Nc2 Bh6 22. Ne3 Bxe3 23. Rxc8 Rxc8 24. fxe3 Qg6 25. Qh4+ Ke8 26. Qf2 Ke7 27. e4 Rg8 28. g3 h5 29. Qa7+ Ke8 30. Qb8+ Kd7 31. Qb7+ Ke8 32. Rc1 Qxe4 33. Rc8# 1-0

[Event "Titled Tuesday intern op 13th Feb Late"]
[Site "Chess.com INT"]
[Date "2024.02.13"]
[Round "1"]
[White "Barria Zuniga, Daniel"]
[Black "Lopez del Alamo, Antonio"]
[Result "1-0"]
[WhiteElo "2341"]
[BlackElo "2237"]
[PlyCount "89"]
[EventDate "2024.02.13"]
[EventType "swiss (blitz)"]
[EventRounds "11"]
[EventCountry "USA"]
[SourceTitle "CB08_2024"]
[SourceDate "2024.02.21"]
[SourceVersion "1"]
[SourceVersionDate "2024.02.21"]
[SourceQuality "1"]

1. d4 Nf6 2. c4 g6 3. Nc3 Bg7 4. e4 d6 5. Be2 0-0 6. Nf3 e5 7. d5 a5 8. Bg5 h6 9. Bh4 Qe8 10. Nd2 Na6 11. 0-0 Bd7 12. b3 Nh7 13. a3 h5 14. f3 Bh6 15. Rb1 f5 16. b4 axb4 17. axb4 Be3+ 18. Kh1 f4 19. c5 dxc5 20. bxc5 Nxc5 21. d6 c6 22. Bf2 Bxf2 23. Rxf2 b5 24. Nb3 Nxb3 25. Qxb3+ Qe6 26. Qb4 Rfc8 27. Qc5 Nf6 28. Bf1 Be8 29. Rd2 Nd7 30. Qf2 g5 31. Rbd1 Ra3 32. Ne2 Kg7 33. g3 Bf7 34. gxf4 gxf4 35. Ng1 Qb3 36. Bh3 Rd8 37. Qh4 Nf6 38. Qg5+ Bg6 39. Bf5 Qf7 40. Rg2 Ng4 41. Qxd8 Bxf5 42. exf5 Qxf5 43. fxg4 hxg4 44. Qh4 g3 45. d7 1-0

[Event "Titled Tuesday intern op 13th Feb Early"]
[Site "Chess.com INT"]
[Date "2024.02.13"]
[Round "1"]
[White "Lopez del Alamo, Antonio"]
[Black "Vovk, Orest"]
[Result "0-1"]
[WhiteElo "2237"]
[BlackElo "2315"]
[PlyCount "44"]
[EventDate "2024.02.13"]
[EventType "swiss (blitz)"]
[EventRounds "11"]
[EventCountry "USA"]
[SourceTitle "CB08_2024"]
[SourceDate "2024.02.21"]
[SourceVersion "1"]
[SourceVersionDate "2024.02.21"]
[SourceQuality "1"]

1. e4 g5 2. d4 g4 3. Qxg4 d5 4. Qe2 dxe4 5. Qxe4 Nf6 6. Qd3 Nc6 7. Nf3 Bg4 8. c3 Qd5 9. Be2 0-0-0 10. 0-0 e5 11. Qe3 exd4 12. cxd4 Re8 13. Qf4 Rxe2 14. Nc3 Qe6 15. Nxe2 Bd6 16. Qg5 Bxf3 17. Nf4 Bxf4 18. Bxf4 Rg8 19. Qxg8+ Nxg8 20. gxf3 Nxd4 21. Bg3 Nxf3+ 22. Kh1 Qe4 0-1

[Event "Titled Tuesday intern op 16th Jan Late"]
[Site "Chess.com INT"]
[Date "2024.01.16"]
[Round "9"]
[White "Lopez del Alamo, Antonio"]
[Black "Goncalves, Samuel Jesus P"]
[Result "0-1"]
[WhiteElo "2237"]
[BlackElo "2208"]
[PlyCount "80"]
[EventDate "2024.01.16"]
[EventType "swiss (blitz)"]
[EventRounds "11"]
[EventCountry "USA"]
[SourceTitle "CB04_2024"]
[SourceDate "2023.10.16"]
[SourceVersion "1"]
[SourceVersionDate "2023.10.16"]
[SourceQuality "1"]

1. e4 g6 2. d4 Bg7 3. Nc3 d5 4. exd5 Nf6 5. Bc4 Nbd7 6. Nge2 Nb6 7. Bb3 a5 8. a3 a4 9. Ba2 Nfxd5 10. Nxd5 Nxd5 11. 0-0 0-0 12. c3 b6 13. Nf4 Bb7 14. Nxd5 Bxd5 15. Bxd5 Qxd5 16. Be3 b5 17. Qc2 Qc4 18. Rad1 Ra6 19. Rfe1 Re6 20. Qc1 c6 21. Bh6 Rd8 22. Bxg7 Kxg7 23. Rxe6 Qxe6 24. Re1 Qd6 25. Re5 e6 26. Qe3 c5 27. Re4 b4 28. h4 bxa3 29. bxa3 c4 30. h5 Qxa3 31. h6+ Kg8 32. Qg5 Qf8 33. Re5 Ra8 34. d5 exd5 35. Rxd5 a3 36. Ra5 a2 37. Rxa8 Qxa8 38. Qf6 a1Q+ 39. Kh2 Qb8+ 40. g3 Qf8 0-1

[Event "Titled Tuesday intern op 16th Jan Late"]
[Site "Chess.com INT"]
[Date "2024.01.16"]
[Round "7"]
[White "Reprintsev, Alexander"]
[Black "Lopez del Alamo, Antonio"]
[Result "0-1"]
[WhiteElo "2234"]
[BlackElo "2237"]
[PlyCount "112"]
[EventDate "2024.01.16"]
[EventType "swiss (blitz)"]
[EventRounds "11"]
[EventCountry "USA"]
[SourceTitle "CB04_2024"]
[SourceDate "2023.10.16"]
[SourceVersion "1"]
[SourceVersionDate "2023.10.16"]
[SourceQuality "1"]

1. e4 c5 2. b3 Nc6 3. Bb2 d6 4. Bb5 Bd7 5. Ne2 a6 6. Bxc6 Bxc6 7. d3 e6 8. 0-0 Nf6 9. Ng3 Be7 10. Nh5 Nxh5 11. Qxh5 Bf6 12. Nc3 0-0 13. f4 Bd4+ 14. Kh1 f5 15. exf5 exf5 16. Nd1 Bxb2 17. Nxb2 Rf6 18. Rae1 Rg6 19. Rf2 Qf6 20. Nc4 Rf8 21. Qe2 b5 22. Nd2 Re8 23. Qxe8+ Bxe8 24. Rxe8+ Kf7 25. Rfe2 Rg4 26. g3 Qb2 27. Nf3 h6 28. R2e7+ Kg6 29. Nh4+ Rxh4 30. gxh4 Qc1+ 31. Re1 Qxc2 32. Rg1+ Kh7 33. Re7 Qc3 34. h5 Qd4 35. Rg3 a5 36. Kg2 a4 37. bxa4 bxa4 38. Kh3 d5 39. Ra7 a3 40. Rxa3 Qxf4 41. Ra7 Qf1+ 42. Rg2 Qf3+ 43. Rg3 Qxh5+ 44. Kg2 Qe2+ 45. Kg1 Qe5 46. Rgxg7+ Qxg7+ 47. Rxg7+ Kxg7 48. a4 c4 49. dxc4 dxc4 50. Kf2 c3 51. Ke1 f4 52. a5 f3 53. a6 c2 54. Kd2 f2 55. a7 f1Q 56. Kxc2 Qf2+ 0-1

[Event "Titled Tuesday intern op 16th Jan Late"]
[Site "Chess.com INT"]
[Date "2024.01.16"]
[Round "4"]
[White "Saim, Mohamed Ilias"]
[Black "Lopez del Alamo, Antonio"]
[Result "0-1"]
[WhiteElo "2169"]
[BlackElo "2237"]
[PlyCount "78"]
[EventDate "2024.01.16"]
[EventType "swiss (blitz)"]
[EventRounds "11"]
[EventCountry "USA"]
[SourceTitle "CB04_2024"]
[SourceDate "2023.10.16"]
[SourceVersion "1"]
[SourceVersionDate "2023.10.16"]
[SourceQuality "1"]

1. d4 Nf6 2. c4 g6 3. Nf3 Bg7 4. e3 d6 5. Be2 0-0 6. 0-0 Nbd7 7. Nc3 e5 8. b4 a5 9. b5 e4 10. Nd2 Re8 11. a4 c6 12. Ba3 Nf8 13. Qb3 h5 14. Rfb1 N8h7 15. Ra2 d5 16. bxc6 bxc6 17. Qb6 Bd7 18. Qxd8 Rexd8 19. cxd5 cxd5 20. Bb5 Be6 21. Nb3 Bf8 22. Nc5 h4 23. h3 g5 24. Nb7 Rdc8 25. Bxf8 Nxf8 26. Nc5 N8d7 27. Bxd7 Nxd7 28. Nxd7 Rxc3 29. Nc5 Rc8 30. Rb5 Kg7 31. Rxa5 Kf6 32. Rb5 Rc1+ 33. Kh2 g4 34. hxg4 Bxg4 35. a5 h3 36. gxh3 Rh8 37. Kg3 Bf5 38. h4 Rg8+ 39. Kf4 Rg4# 0-1

[Event "Sitges Sunway op 10th"]
[Site "Sitges"]
[Date "2023.12.13"]
[Round "2"]
[White "Horvath, Dominik"]
[Black "Lopez del Alamo, Antonio"]
[Result "1-0"]
[WhiteElo "2564"]
[BlackElo "2288"]
[PlyCount "67"]
[EventDate "2023.12.12"]
[EventType "swiss"]
[EventRounds "10"]
[EventCountry "ESP"]
[SourceTitle "CB52_2023"]
[SourceDate "2023.12.27"]
[SourceVersion "1"]
[SourceVersionDate "2023.12.27"]
[SourceQuality "1"]

1. e4 c5 2. Nf3 Nc6 3. Bb5 g6 4. 0-0 Bg7 5. Re1 e5 6. b4 cxb4 7. a3 Nge7 8. axb4 0-0 9. Bxc6 dxc6 10. d3 Be6 11. Qd2 Bg4 12. Ng5 h6 13. h3 Bh5 14. g4 Bxg4 15. hxg4 hxg5 16. Qxg5 Qd7 17. Nd2 f6 18. Qh4 Kf7 19. Nb3 g5 20. Qg3 Rh8 21. Nc5 Qc8 22. d4 Rh4 23. dxe5 fxe5 24. Kf1 Bf6 25. Rd1 b6 26. Rd6 Qxg4 27. Qxg4 Rxg4 28. Nd7 Bg7 29. Be3 Rxe4 30. Nxb6 Rb8 31. Rxa7 Rxb4 32. Bxg5 R8xb6 33. Rxe7+ Kg8 34. Rg6 1-0

[Event "Titled Tuesday intern op 14th Nov Early"]
[Site "Chess.com INT"]
[Date "2023.11.14"]
[Round "5"]
[White "Kleiman, Jake"]
[Black "Lopez del Alamo, Antonio"]
[Result "1-0"]
[WhiteElo "2399"]
[BlackElo "2270"]
[PlyCount "109"]
[EventDate "2023.11.14"]
[EventType "swiss (blitz)"]
[EventRounds "11"]
[EventCountry "USA"]
[SourceTitle "CB47_2023"]
[SourceDate "2023.11.22"]
[SourceVersion "1"]
[SourceVersionDate "2023.11.22"]
[SourceQuality "1"]

1. Nf3 Nf6 2. g3 g6 3. Bg2 Bg7 4. 0-0 0-0 5. d3 d5 6. Nbd2 d4 7. e4 dxe3 8. fxe3 c5 9. e4 Nc6 10. Nc4 Ng4 11. Kh1 Be6 12. Ne3 Nxe3 13. Bxe3 b6 14. c3 Qd7 15. Qe2 Bg4 16. Rad1 Bxf3 17. Bxf3 Rad8 18. Bg2 Qe6 19. a3 Rd7 20. h3 Rfd8 21. Kh2 Rd6 22. Bf4 Be5 23. Bh6 Qd7 24. Rf3 e6 25. Bg5 Rc8 26. h4 Kg7 27. Qe3 f6 28. Bh6+ Kf7 29. Qf2 Rd8 30. Bg5 Qe7 31. Bf1 Kg7 32. Be3 h6 33. Be2 g5 34. Kh3 Bxc3 35. bxc3 Ne5 36. g4 Nxf3 37. Qxf3 e5 38. Rf1 b5 39. Rb1 Qc7 40. Qf5 c4 41. d4 exd4 42. Bxd4 Rxd4 43. cxd4 Rxd4 44. Qxb5 c3 45. Qb7 Rd7 46. Qxc7 Rxc7 47. Rc1 Kf7 48. Bb5 Ke6 49. Kg3 Ke5 50. Kf3 Kd4 51. hxg5 hxg5 52. a4 c2 53. Ke2 Kc3 54. Bd3 Kb2 55. Kd2 1-0